Quantum field theory and the standard model / (Record no. 1869)

MARC details
000 -LEADER
fixed length control field 03989cam a2200373 i 4500
001 - CONTROL NUMBER
control field 17770965
003 - CONTROL NUMBER IDENTIFIER
control field OSt
005 - DATE AND TIME OF LATEST TRANSACTION
control field 20260206160641.0
008 - FIXED-LENGTH DATA ELEMENTS--GENERAL INFORMATION
fixed length control field 130610s2014 nyua b 001 0 eng
010 ## - LIBRARY OF CONGRESS CONTROL NUMBER
LC control number 2013016195
020 ## - INTERNATIONAL STANDARD BOOK NUMBER
International Standard Book Number 9781107034730
Qualifying information hardback
035 ## - SYSTEM CONTROL NUMBER
System control number 17770965
040 ## - CATALOGING SOURCE
Original cataloging agency DLC
Language of cataloging eng
Transcribing agency DLC
Description conventions rda
Modifying agency DLC
042 ## - AUTHENTICATION CODE
Authentication code pcc
082 00 - DEWEY DECIMAL CLASSIFICATION NUMBER
Classification number 530.143
Item number SCH
100 1# - MAIN ENTRY--PERSONAL NAME
Personal name Schwartz, Matthew Dean,
Dates associated with a name 1976-
9 (RLIN) 3670
245 10 - TITLE STATEMENT
Title Quantum field theory and the standard model /
Statement of responsibility, etc. Matthew D. Schwartz, Harvard University.
264 #1 - PRODUCTION, PUBLICATION, DISTRIBUTION, MANUFACTURE, AND COPYRIGHT NOTICE
Place of production, publication, distribution, manufacture New York :
Name of producer, publisher, distributor, manufacturer Cambridge University Press,
Date of production, publication, distribution, manufacture, or copyright notice 2014.
300 ## - PHYSICAL DESCRIPTION
Extent xviii, 850 pages :
Other physical details illustrations ;
Dimensions 26 cm
336 ## - CONTENT TYPE
Content type term text
Source rdacontent
337 ## - MEDIA TYPE
Media type term unmediated
Source rdamedia
338 ## - CARRIER TYPE
Carrier type term volume
Source rdacarrier
504 ## - BIBLIOGRAPHY, ETC. NOTE
Bibliography, etc. note Includes bibliographical references (pages 834-841) and index.
505 8# - FORMATTED CONTENTS NOTE
Formatted contents note Machine generated contents note: Part I. Field Theory: 1. Microscopic theory of radiation; 2. Lorentz invariance and second quantization; 3. Classical Field Theory; 4. Old-fashioned perturbation theory; 5. Cross sections and decay rates; 6. The S-matrix and time-ordered products; 7. Feynman rules; Part II. Quantum Electrodynamics: 8. Spin 1 and gauge invariance; 9. Scalar QED; 10. Spinors; 11. Spinor solutions and CPT; 12. Spin and statistics; 13. Quantum electrodynamics; 14. Path integrals; Part III. Renormalization: 15. The Casimir effect; 16. Vacuum polarization; 17. The anomalous magnetic moment; 18. Mass renormalization; 19. Renormalized perturbation theory; 20. Infrared divergences; 21. Renormalizability; 22. Non-renormalizable theories; 23. The renormalization group; 24. Implications of Unitarity; Part IV. The Standard Model: 25. Yang-Mills theory; 26. Quantum Yang-Mills theory; 27. Gluon scattering and the spinor-helicity formalism; 28. Spontaneous symmetry breaking; 29. Weak interactions; 30. Anomalies; 31. Precision tests of the standard model; 32. QCD and the parton model; Part V. Advanced Topics: 33. Effective actions and Schwinger proper time; 34. Background fields; 35. Heavy-quark physics; 36. Jets and effective field theory; Appendices; References; Index.
520 ## - SUMMARY, ETC.
Summary, etc. "Providing a comprehensive introduction to quantum field theory, this textbook covers the development of particle physics from its foundations to the discovery of the Higgs boson. Its combination of clear physical explanations, with direct connections to experimental data, and mathematical rigor make the subject accessible to students with a wide variety of backgrounds and interests. Assuming only an undergraduate-level understanding of quantum mechanics, the book steadily develops the Standard Model and state-of-the art calculation techniques. It includes multiple derivations of many important results, with modern methods such as effective field theory and the renormalization group playing a prominent role. Numerous worked examples and end-of-chapter problems enable students to reproduce classic results and to master quantum field theory as it is used today. Based on a course taught by the author over many years, this book is ideal for an introductory to advanced quantum field theory sequence or for independent study"--
Assigning source Provided by publisher.
520 ## - SUMMARY, ETC.
Summary, etc. "Lorentz invariance and second quantization In the previous chapter, we saw that by treating each mode of electromagnetic radiation in a cavity a simple harmonic oscillator, we can derive Einstein's relation between the coefficients of induced and spontaneous emission without resorting to statistical mechanics. "--
Assigning source Provided by publisher.
650 #0 - SUBJECT ADDED ENTRY--TOPICAL TERM
Topical term or geographic name entry element Quantum field theory
Form subdivision Textbooks.
9 (RLIN) 3546
650 #0 - SUBJECT ADDED ENTRY--TOPICAL TERM
Topical term or geographic name entry element Particles (Nuclear physics)
Form subdivision Textbooks.
9 (RLIN) 3671
650 #7 - SUBJECT ADDED ENTRY--TOPICAL TERM
Topical term or geographic name entry element SCIENCE / Mathematical Physics.
Source of heading or term bisacsh
9 (RLIN) 3672
906 ## - LOCAL DATA ELEMENT F, LDF (RLIN)
a 7
b cbc
c orignew
d 1
e ecip
f 20
g y-gencatlg
942 ## - ADDED ENTRY ELEMENTS (KOHA)
Source of classification or shelving scheme Dewey Decimal Classification
Koha item type Books
Holdings
Withdrawn status Lost status Source of classification or shelving scheme Damaged status Not for loan Collection code Home library Current library Shelving location Date acquired Source of acquisition Cost, normal purchase price Total Checkouts Full call number Barcode Date last seen Copy number Cost, replacement price Price effective from Koha item type Public note
    Dewey Decimal Classification   Reference Reference IIT Goa Central Library IIT Goa Central Library Reference 2026-02-06 International Book Agency 8892.00   530.143 SCH 4610 2026-02-06 1 8892.00 2026-02-06 Reference IN386/25-26||02-02-2026||39.30%||GBP 71.00